[Event "38th Eastman Open 2015"]
[Site "Ghent BEL"]
[Date "2015.07.22"]
[Round "9.4"]
[White "Pap, Misa"]
[Black "Sarrau, Jelle"]
[Result "1/2-1/2"]
[WhiteTitle "GM"]
[BlackTitle "FM"]
[WhiteElo "2486"]
[BlackElo "2359"]
[WhiteFideId "921610"]
[BlackFideId "207608"]
[EventDate "2015.07.18"]

1. e4 c5 2. c3 d5 3. exd5 Qxd5 4. d4 e6 5. Nf3 Nf6 6. Na3 Nc6 7. Nb5 Qd8 8. dxc5
Bxc5 9. Qxd8+ Kxd8 10. b4 Bb6 11. Nd6 Ke7 12. Nc4 Ne4 13. Nxb6 axb6 14. b5 Na5
15. Ba3+ Nc5 16. Ne5 Rd8 17. Be2 Ke8 18. O-O f6 19. Nf3 e5 20. Rfd1 Be6 21. Nd2
Rd7 22. Bxc5 bxc5 23. b6 Ke7 24. Ne4 Rxd1+ 25. Rxd1 Rc8 26. Bb5 h6 27. f3 f5 28.
Nf2 Nc4 29. Re1 Nxb6 30. Nd3 Kf6 31. a4 Nc4 32. Bxc4 Bxc4 33. Nxe5 Be6 34. Nd3
Bc4 35. Ne5 Be6 36. Nd3 Bc4 37. Ne5 Be6 1/2-1/2

[Event "38th Eastman Open 2015"]
[Site "Ghent BEL"]
[Date "2015.07.22"]
[Round "9.6"]
[White "De Jong, Jasper"]
[Black "Stone, Andrew M"]
[Result "1/2-1/2"]
[WhiteElo "2147"]
[BlackElo "2209"]
[WhiteFideId "1008340"]
[BlackFideId "404985"]
[EventDate "2015.07.18"]

1. e4 e6 2. d4 d5 3. Nc3 Nf6 4. Bg5 Be7 5. e5 Nfd7 6. Bxe7 Qxe7 7. Bd3 a6 8. f4
Nb6 9. Nf3 Bd7 10. O-O c5 1/2-1/2

[Event "38th Eastman Open 2015"]
[Site "Ghent BEL"]
[Date "2015.07.22"]
[Round "9.7"]
[White "Verstraeten, Rein"]
[Black "Polee, Hans"]
[Result "1-0"]
[WhiteTitle "FM"]
[WhiteElo "2312"]
[BlackElo "2108"]
[WhiteFideId "223654"]
[BlackFideId "1016830"]
[EventDate "2015.07.18"]

1. e4 c5 2. Nf3 d6 3. d4 cxd4 4. Nxd4 Nf6 5. Nc3 a6 6. h3 e5 7. Nde2 h5 8. g3
Be6 9. Bg2 b5 10. O-O Nbd7 11. Be3 Nb6 12. b3 Be7 13. f4 Qc7 14. Qd2 Rb8 15.
Rac1 O-O 16. Nd5 Nbxd5 17. exd5 Bc8 18. c4 exf4 19. Nxf4 bxc4 20. Rxc4 Qd7 21.
Bd4 h4 22. g4 Ne8 23. Nh5 Kh7 24. Rc3 Bd8 25. Be4+ Kg8 26. Qc2 Bb7 27. Re3 Bg5
28. Bh7+ 1-0

[Event "38th Eastman Open 2015"]
[Site "Ghent BEL"]
[Date "2015.07.22"]
[Round "9.8"]
[White "Feller, Sebastien"]
[Black "Eerens, Pim"]
[Result "1-0"]
[WhiteTitle "GM"]
[WhiteElo "2622"]
[BlackElo "2134"]
[WhiteFideId "634654"]
[BlackFideId "1011804"]
[EventDate "2015.07.18"]

1. e4 d5 2. exd5 Qxd5 3. Nc3 Qd8 4. d4 Nf6 5. Nf3 Bf5 6. h3 e6 7. g4 Bg6 8. Ne5
Nbd7 9. Nxg6 hxg6 10. Bg2 c6 11. Qd3 Be7 12. Bd2 O-O 13. O-O-O Nd5 14. Ne2 b5
15. h4 N7b6 16. Kb1 Nc4 17. Bc1 Rb8 18. f4 Qa5 19. Bxd5 cxd5 20. h5 g5 21. fxg5
b4 22. Bd2 Rfc8 23. g6 Na3+ 24. bxa3 bxa3+ 25. Ka1 Qa4 26. gxf7+ Kh8 27. h6 g5
28. Qg6 1-0

[Event "38th Eastman Open 2015"]
[Site "Ghent BEL"]
[Date "2015.07.22"]
[Round "9.9"]
[White "Barendse, Ted"]
[Black "Froeyman, Helmut"]
[Result "0-1"]
[BlackTitle "FM"]
[WhiteElo "2142"]
[BlackElo "2278"]
[WhiteFideId "1006150"]
[BlackFideId "203602"]
[EventDate "2015.07.18"]

1. d4 f5 2. g3 Nf6 3. Bg2 e6 4. c4 d5 5. Nf3 c6 6. O-O Bd6 7. b3 Qe7 8. Bf4 Bxf4
9. gxf4 O-O 10. Nc3 Ne4 11. Na4 Bd7 12. Nb2 Be8 13. Qc2 Nd7 14. Nd3 g5 15. e3
Kh8 16. fxg5 Nxg5 17. Nfe5 Nxe5 18. dxe5 Rg8 19. Kh1 Rd8 20. Rad1 Qg7 21. Qb2
Bh5 22. f3 dxc4 23. bxc4 Bxf3 24. Bxf3 Nxf3 25. Rxf3 Rxd3 26. Rb1 Qd7 27. Rg3
Rxg3 28. hxg3 Rxe3 29. Qxb7 Re1+ 30. Kg2 Qd2+ 31. Kh3 Qh6+ 32. Kg2 Qh1+ 0-1

[Event "38th Eastman Open 2015"]
[Site "Ghent BEL"]
[Date "2015.07.22"]
[Round "9.10"]
[White "Dijckmans, Bjorn"]
[Black "Cordts, Ingo"]
[Result "0-1"]
[BlackTitle "FM"]
[WhiteElo "2121"]
[BlackElo "2284"]
[WhiteFideId "202479"]
[BlackFideId "4662687"]
[EventDate "2015.07.18"]

1. d4 Nf6 2. Bg5 Ne4 3. Bf4 d6 4. Nd2 Nxd2 5. Qxd2 Nd7 6. Nf3 c5 7. c3 Qb6 8. e4
Nf6 9. dxc5 Qxc5 10. Qc2 g6 11. Be2 Bg7 12. O-O O-O 13. Rfe1 Nd7 14. Be3 Qc7 15.
Nd4 a6 16. a4 b6 17. f3 Bb7 18. a5 b5 19. c4 Rfc8 20. Rec1 Rab8 21. cxb5 Bxd4
22. Qxc7 Bxe3+ 23. Kf1 Rxc7 24. Rxc7 Nc5 25. b4 Ne6 26. Rxe7 axb5 27. Bxb5 Kf8
28. Rd7 Bc8 29. Rxd6 Rxb5 30. a6 Ba7 31. f4 Rxb4 32. f5 gxf5 33. Rc1 Ke7 34.
Rxe6+ Bxe6 35. Rc7+ Kf6 36. Rxa7 0-1

[Event "38th Eastman Open 2015"]
[Site "Ghent BEL"]
[Date "2015.07.22"]
[Round "9.11"]
[White "Ghyselen, Wouter"]
[Black "Huhndorf, Arnold"]
[Result "1-0"]
[BlackTitle "FM"]
[WhiteElo "2099"]
[BlackElo "2262"]
[WhiteFideId "210250"]
[BlackFideId "4665031"]
[EventDate "2015.07.18"]

1. d4 Nf6 2. Bg5 Ne4 3. Bf4 d5 4. e3 c5 5. Bd3 Nf6 6. c3 Nc6 7. Nd2 Qb6 8. Rb1
Bg4 9. Qb3 c4 10. Qxb6 axb6 11. Bc2 Rxa2 12. e4 e6 13. Ne2 Be7 14. Ng3 Nh5 15.
Be3 f5 16. exd5 exd5 17. Nxf5 Bxf5 18. Bxf5 Kf7 19. b3 g6 20. Bg4 Nf6 21. Bd1
cxb3 22. Rxb3 Bd8 23. O-O Re8 24. Nb1 Na5 25. Rb5 Ke6 26. Bg5 Ne4 27. Bxd8 Rxd8
28. Re1 Kd6 29. Rxb6+ Kc7 30. Re6 Nxf2 31. Be2 Ne4 32. Bf3 Ng5 33. Re7+ Kd6 34.
Bxd5 Kxd5 35. R7e5+ Kc4 36. Rxg5 Rd7 37. Rc5+ Kd3 38. Rd1+ Ke2 39. Rf1 Ra1 40.
Re5+ Kd3 41. Rd1+ Kc4 42. Nd2+ Kxc3 43. Rxa1 Nc6 44. Re2 Nxd4 45. Rf2 Nc2 46.
Ne4+ Kb2 47. Raf1 Re7 48. Re2 Ka3 49. Rxc2 Rxe4 50. Rc7 b5 51. Rb1 b4 52. Ra7# 1-0

[Event "38th Eastman Open 2015"]
[Site "Ghent BEL"]
[Date "2015.07.22"]
[Round "9.12"]
[White "Vinke, Maarten"]
[Black "Rechner, Klaus"]
[Result "1/2-1/2"]
[WhiteElo "2104"]
[BlackElo "2255"]
[WhiteFideId "1038648"]
[BlackFideId "4615700"]
[EventDate "2015.07.18"]

1. e4 c5 2. Nc3 Nc6 3. g3 g6 4. Bg2 Bg7 5. d3 d6 6. f4 e6 7. Be3 Nge7 8. Nf3 Nd4
9. O-O O-O 10. e5 Nec6 11. exd6 Qxd6 12. Ne4 Qe7 13. c3 f5 14. Ned2 Nxf3+ 15.
Qxf3 Bd7 16. Qf2 b6 17. Nf3 Rad8 18. d4 cxd4 19. Nxd4 Nxd4 20. Bxd4 Bxd4 21.
cxd4 Bb5 22. Rfd1 Bc4 1/2-1/2

[Event "38th Eastman Open 2015"]
[Site "Ghent BEL"]
[Date "2015.07.22"]
[Round "9.13"]
[White "Offringa, Joost"]
[Black "Oranje, Richard"]
[Result "1/2-1/2"]
[WhiteElo "2224"]
[BlackElo "2118"]
[WhiteFideId "1025880"]
[BlackFideId "1013483"]
[EventDate "2015.07.18"]

1. c4 Nc6 2. g3 g6 3. Bg2 Bg7 4. Nc3 d6 5. e4 Nd4 6. h3 c6 7. Nge2 Nxe2 8. Qxe2
e5 9. d3 Ne7 10. O-O O-O 11. Be3 Be6 12. Rad1 Qa5 13. Qd2 Qb4 14. b3 c5 15. Nb5
Qxd2 16. Rxd2 Rfd8 17. f4 Rd7 18. fxe5 Bxe5 19. d4 cxd4 20. Bxd4 Nc6 21. Bf2 a6
22. Na3 Bc3 23. Rdd1 Nb4 24. Nb1 Be5 25. a3 Nc6 26. Rd3 b5 27. cxb5 axb5 28.
Rfd1 Na5 29. Nd2 Rc7 30. Bf1 Rb8 31. Be1 f5 32. exf5 Bxf5 33. Rd5 Bc2 34. Rc1
Bb2 35. Rxc2 Rxc2 36. Bxb5 Rc1 37. Nf3 Rf8 38. Kg2 Nxb3 39. Bf2 Bxa3 40. Rd3 Bc5
41. Bxc5 Nxc5 42. Rxd6 Ne4 43. Rc6 Rxc6 44. Bxc6 Nf6 45. h4 Rc8 46. Nd4 Rd8 47.
Nf3 Ng4 48. Kh3 h5 49. Bb5 Kg7 50. Bc4 Kf6 51. Ng5 Rc8 52. Be6 Nf2+ 53. Kg2 Rc2
54. Kf3 Nd3 55. Bd5 Ke5 56. Be4 Kd4 57. Ne6+ Kc3 58. Bxd3 Kxd3 59. Nf4+ Kd4 60.
Nxg6 Rc6 61. Nf4 Rf6 62. Kg2 Rf5 63. Kf3 Ra5 64. Ne6+ Ke5 65. Nf4 Kd4 66. Ne6+
Ke5 67. Nf4 Kf5 68. Nxh5 1/2-1/2

[Event "38th Eastman Open 2015"]
[Site "Ghent BEL"]
[Date "2015.07.22"]
[Round "9.14"]
[White "De Groote, Jesper"]
[Black "Van den Dikkenberg, Erik"]
[Result "1/2-1/2"]
[BlackTitle "FM"]
[WhiteElo "2168"]
[BlackElo "2133"]
[WhiteFideId "1019295"]
[BlackFideId "1005880"]
[EventDate "2015.07.18"]

1. e4 c5 2. Nf3 d6 3. d4 cxd4 4. Qxd4 Nc6 5. Bb5 Bd7 6. Bxc6 Bxc6 7. Nc3 e6 8.
Bg5 Nf6 9. O-O-O Be7 10. Qd3 Qa5 11. Bd2 Rc8 12. Kb1 Qc7 13. Nd4 O-O 14. f4 d5
15. Nxc6 bxc6 16. f5 dxe4 17. Nxe4 Rfd8 1/2-1/2

[Event "38th Eastman Open 2015"]
[Site "Ghent BEL"]
[Date "2015.07.22"]
[Round "9.15"]
[White "Stam, Hans"]
[Black "Van Herck, Marcel"]
[Result "1-0"]
[WhiteElo "2016"]
[BlackElo "2170"]
[WhiteFideId "1043838"]
[BlackFideId "200344"]
[EventDate "2015.07.18"]

1. e4 c6 2. d4 d5 3. Nc3 dxe4 4. Nxe4 Nd7 5. Nf3 Ngf6 6. Nxf6+ Nxf6 7. Bc4 Bf5
8. O-O e6 9. Qe2 Bd6 10. Ne5 Nd5 11. Bxd5 cxd5 12. Qb5+ Kf8 13. Qxb7 Bxe5 14.
dxe5 Bxc2 15. Be3 Qb8 16. Qc6 Bd3 17. Rfc1 Bb5 18. Qc5+ Kg8 19. Bd4 h6 20. Rc3
a6 21. Rac1 Kh7 22. Qe7 Qe8 23. Qh4 Qd8 24. Qf4 Qd7 1-0